000 00730nam a2200241Ia 4500
008 191130s2010##################000#0#eng##
020 _a9780132357272
022 _a2008039106
040 _aACL
_cACL
082 _a620.0068 ALL
100 _aAllen, Kathleen R
245 _aEntrepreneurship for scientists and engineers
_cKathleen Allen
260 _aUpper Saddle River, NJ
_bPrentice Hall
_c2010
300 _axii, 244 p. : ill. ; 23 cm
500 _aIncludes bibliographical references and index
650 _aBusiness planning
650 _aEngineering firms - Management
650 _aEntrepreneurship
650 _aScience
990 _a37305f07ac10000c1b078be326d41b1c
991 _a84272
999 _c174982
_d174982